000 00529nam a22001817a 4500
005 20251108165023.0
008 250721s1962 xx 000 0 ara d
082 1 4 _a927.84/سمي
100 1 _aشيخاني، سمير
245 1 0 _aأشهر المغنين غند العرب /
264 1 _aبيروت :
_bالمطبعة الكاثوليكيه،
_c1962.
300 _a138ص
490 0 _aسلسلة نصوص و دروس ؛ 22
650 1 7 _aالمغنون
650 1 7 _aالتراجم
942 _2ddc
_cBK
999 _c20098
_d20098